<?xml version='1.0' encoding='UTF-8'?>
  <record xmlns="http://www.loc.gov/MARC21/slim">
    <leader>00000cam a22000007i 4500</leader>
    <controlfield tag="001">ocm67581402</controlfield>
    <controlfield tag="003">OCoLC</controlfield>
    <controlfield tag="005">20251002010754.5</controlfield>
    <controlfield tag="008">000728s1756    ne            000 0 dut d</controlfield>
    <datafield tag="040" ind1=" " ind2=" ">
      <subfield code="a">NLGGC</subfield>
      <subfield code="b">dut</subfield>
      <subfield code="e">fobidrtb</subfield>
      <subfield code="c">NLGGC</subfield>
    </datafield>
    <datafield tag="029" ind1="0" ind2=" ">
      <subfield code="a">NLGGC</subfield>
      <subfield code="b">197865070</subfield>
    </datafield>
    <datafield tag="035" ind1=" " ind2=" ">
      <subfield code="a">(OCoLC)67581402</subfield>
    </datafield>
    <datafield tag="041" ind1="1" ind2=" ">
      <subfield code="a">dut</subfield>
      <subfield code="h">eng</subfield>
    </datafield>
    <datafield tag="084" ind1=" " ind2=" ">
      <subfield code="a">11.55</subfield>
      <subfield code="2">bcl</subfield>
    </datafield>
    <datafield tag="100" ind1="1" ind2=" ">
      <subfield code="a">Brainerd, David.</subfield>
    </datafield>
    <datafield tag="245" ind1="1" ind2="0">
      <subfield code="a">Aanmerkelyk verhaal van de opkomst en voortgang van een zonderling werk van Gods genade onder een groote menigte Indianen, inde provintien van Nieuw-Jersey en Pensylvania /</subfield>
      <subfield code="c">Door David Brainerd ... ; Waar by gevoegt is een opdracht ... door P. Doddridge ... . Uit het Engels vertaald door J. Ros.</subfield>
    </datafield>
    <datafield tag="260" ind1=" " ind2=" ">
      <subfield code="a">Utrecht :</subfield>
      <subfield code="b">Jan Jacob van Poolsum, en Abraham van Paddenburg,</subfield>
      <subfield code="c">1756.</subfield>
    </datafield>
    <datafield tag="300" ind1=" " ind2=" ">
      <subfield code="a">[8], 104 p. ;</subfield>
      <subfield code="c">8-o.</subfield>
    </datafield>
    <datafield tag="336" ind1=" " ind2=" ">
      <subfield code="a">tekst</subfield>
      <subfield code="b">txt</subfield>
      <subfield code="2">rdacontent/dut</subfield>
    </datafield>
    <datafield tag="337" ind1=" " ind2=" ">
      <subfield code="a">zonder medium</subfield>
      <subfield code="b">n</subfield>
      <subfield code="2">rdamedia/dut</subfield>
    </datafield>
    <datafield tag="338" ind1=" " ind2=" ">
      <subfield code="a">band</subfield>
      <subfield code="b">nc</subfield>
      <subfield code="2">rdacarrier/dut</subfield>
    </datafield>
    <datafield tag="500" ind1=" " ind2=" ">
      <subfield code="a">*:4, A-F:8, G:4.</subfield>
    </datafield>
    <datafield tag="500" ind1=" " ind2=" ">
      <subfield code="a">Impr.: T'Utrecht, By Jan Jacob van Poolsum en Abraham van Paddenburg, Boekverkoopers, 1756. Toelicht. impr.: Vignet op t.p. anders dan in ex. XP.00279.-</subfield>
    </datafield>
    <datafield tag="510" ind1="0" ind2=" ">
      <subfield code="a">Haar, Van der, From Abbadie to Young 2, 40</subfield>
    </datafield>
    <datafield tag="700" ind1="1" ind2=" ">
      <subfield code="a">Doddridge, Philip.</subfield>
    </datafield>
    <datafield tag="700" ind1="1" ind2=" ">
      <subfield code="a">Ross, Jan.</subfield>
    </datafield>
    <datafield tag="710" ind1="0" ind2=" ">
      <subfield code="a">Poolsum, Jan Jacob van.</subfield>
      <subfield code="4">prt</subfield>
    </datafield>
    <datafield tag="710" ind1="0" ind2=" ">
      <subfield code="a">Paddenburg, Abraham van.</subfield>
      <subfield code="4">prt</subfield>
    </datafield>
    <datafield tag="765" ind1="0" ind2="8">
      <subfield code="i">Vert. van:</subfield>
      <subfield code="t">An abridgment of mr. David Brainerd's journal among the Indians. Londen 1748, uitgeg. door P. Doddridge</subfield>
    </datafield>
    <datafield tag="776" ind1="0" ind2=" ">
      <subfield code="t">Aanmerkelyk verhaal van de opkomst en voortgang van een zonderling werk van Gods genade onder een groote menigte Indianen, inde provintien van Nieuw-Jersey en Pensylvania</subfield>
      <subfield code="w">(NL-LeOCL)426163362</subfield>
    </datafield>
    <datafield tag="776" ind1="0" ind2=" ">
      <subfield code="t">Aanmerkelyk verhaal van de opkomst en voortgang van een zonderling werk van Gods genade onder een groote menigte Indianen, inde provintien van Nieuw-Jersey en Pensylvania</subfield>
      <subfield code="w">(NL-LeOCL)426163370</subfield>
    </datafield>
    <datafield tag="936" ind1=" " ind2=" ">
      <subfield code="a">BATCHLOAD</subfield>
    </datafield>
  </record>